World viewed (Record no. 125287)

MARC details
000 -LEADER
fixed length control field 00731nam a2200253Ia 4500
003 - CONTROL NUMBER IDENTIFIER
control field OSt
005 - DATE AND TIME OF LATEST TRANSACTION
control field 20220918164544.0
008 - FIXED-LENGTH DATA ELEMENTS--GENERAL INFORMATION
fixed length control field 220917b |||||||| |||| 00| 0 eng d
020 ## - INTERNATIONAL STANDARD BOOK NUMBER
International Standard Book Number 067496196X (paper)
037 ## - SOURCE OF ACQUISITION
Terms of availability Textual
040 ## - CATALOGING SOURCE
Original cataloging agency ARTS
Transcribing agency ARTS
Language of cataloging eng
041 ## - LANGUAGE CODE
Source of code eng
Language code of text/sound track or separate title eng
100 ## - MAIN ENTRY--PERSONAL NAME
Personal name Cavell Stanley
9 (RLIN) 14212
245 #0 - TITLE STATEMENT
Title World viewed
Remainder of title Reflection on the ontology of film
260 ## - PUBLICATION, DISTRIBUTION, ETC.
Place of publication, distribution, etc. Cambridge
Name of publisher, distributor, etc. Harvard university press USA
Date of publication, distribution, etc. 1979
300 ## - PHYSICAL DESCRIPTION
Extent xxv,253p
Dimensions cm.
650 ## - SUBJECT ADDED ENTRY--TOPICAL TERM
Topical term or geographic name entry element MOTION PICTURES; ARTS
9 (RLIN) 4029
942 ## - ADDED ENTRY ELEMENTS (KOHA)
Classification part NW:(R), L9 (TTO)-;2
Koha item type Textual
Source of classification or shelving scheme Colon Classification (CC)
Holdings
Withdrawn status Lost status Damaged status Not for loan Home library Current library Date acquired Total Checkouts Full call number Barcode Date last seen Price effective from Koha item type
        Arts Library Arts Library 2022-09-18   NW:(R) L9 (TTO)-;2 AL1220757 2022-09-18 2022-09-18 Textual
Copyright @ Delhi University Library System